000 01762cam a2200385 a 4500
999 _c329259
_d329259
001 16653077
003 Nust
005 20170502114959.0
008 110215s2011 vaua b 001 0 eng c
010 _a 2011280350
015 _aGBB077789
_2bnb
016 7 _a015588549
_2Uk
020 _a9780071737050 (hbk.)
020 _a0071737057 (hbk.)
035 _a(OCoLC)ocn645697357
040 _aUKM
_cUKM
_dYDXCP
_dC#P
_dUPM
_dDLC
042 _apcc
050 0 0 _aTD434
_b.I54 2011
050 1 4 _aTD201
_b.W337 no. 33
082 _a434.1542011 ALE
245 0 0 _aInformation technology in water and wastewater utilities /
_cprepared by the Information Technology in Water and Wastewater Utilities Task Force of the Water Environment Federation.
260 _aAlexandria, Va. :
_bWEF Press ;
_aNew York :
_bMcGraw Hill,
_cc2011.
300 _axxix, 344 p. :
_bill. ;
_c25 cm.
490 1 _aWEF manual of practice ;
_vno. 33
500 _aH.B
504 _aIncludes bibliographical references and index.
530 _aAlso available online.
650 0 _aWater treatment plants
_xInformation technology.
650 0 _aSewage disposal plants
_xInformation technology.
650 0 _aWater treatment plants
_xInformation technology
_vCase studies.
650 0 _aSewage disposal plants
_xInformation technology
_vCase studies.
710 2 _aWater Environment Federation.
_bInformation Technology in Water and Wastewater Utilities Task Force.
830 0 _aManual of practice ;
_vno. 33.
856 4 1 _uhttp://site.ebrary.com/lib/librarytitles/docDetail.action?docID=10421778
906 _a7
_bcbc
_cpccadap
_d2
_encip
_f20
_gy-gencatlg
942 _2ddc
_cBK
_k434.1542011 ALE